00356nam a2200133Ia 4500008004100000040001900041041001200060082002100072245005700093260002600150300002400176650000800200850001400208131103s9999 xx 000 0 und d aLoreto College aEnglish aREF/LbLCBED/392 2aA Keepsake of beautiful thoughts in prose and poetry aU.S.A.bIdealsc[19?] a63p.b ill.c 25cm. aREF aLCBED/REF